Statistics for Previous answers

Click here to take the quiz!

General Stats

  • This quiz has been taken 19 times
  • The average score is 6 of 15

Answer Stats

QuestionAnswer% Correct
What are used as portable shoulder-carried rocket launchers?Babies
94%
The British government is run by whom?Squirrels
76%
The Apollo astronauts left what man-made object on the moon?Ovaries
71%
Who wears nappies and cries when they don't get what they want?The prime minister
59%
Which reproductive organs do women have two of?Bazookas
47%
What liquid compound in petrol is important for high performance cars?Martini
47%
What is normally eaten with haggis and mashed potato?The Dominican Republic
47%
What is James Bond's favourite drink?Sulphuric acid
41%
Who are Britain's chief cabinet members with economic remit?Seals
35%
What did Columbus first discover that caused him great excitement?Tits
29%
What is found beyond the edge of the observable universe?Turnip
29%
H2SO4 is the chemical formula of which compound?A moon buggy
18%
What is the main component of polar bears' diets?Octane
18%
What songbird family includes the species blue, coal and great?Chancellors of the exchequer
12%
Name the tree-dwelling rodents which commonly feed in parks.I don't know
12%

Score Distribution

Percentile by Number Answered

Percent of People with Each Score

Your Score History

You have not taken this quiz